Journal of characterization and development of novel materials

Bibliographic Details
Corporate Author: Nova Science Publishers
Format: Electronic Journal
Language:English
Published: Hauppauge, NY : Nova Science Publishers
Subjects:
Online Access:Full text available from Research Library: 01/01/2011 to present

MARC

LEADER 00000nas a2200000 a 4500
001 ssj0001454288
003 WaSeSS
005 20200512172242.0
006 m d
007 cr n
008 080630c20099999nyuqr p s 0 a0eng c
010 |a  2008213681 
022 |l 1937-7975  |y 1937-7975 
035 |a (WaSeSS)ssj0001454288 
037 |b Nova Science Publishers, 400 Oser Ave, Ste. 1600, Hauppauge, NY 11788-3619 
040 |a NSD  |b eng  |c NSD  |d NSD  |d DLC  |d OCLCQ  |d OCLCF  |d AU@  |d CUS  |d WaSeSS 
042 |a pcc  |a nsdp 
050 0 0 |a TA403.6  |b .J67 
082 1 0 |a 620.1  |2 14 
210 0 |a Journal of characterization and development of novel materials 
222 0 |a Journal of characterization and development of novel materials 
245 0 0 |a Journal of characterization and development of novel materials  |h [electronic resource]. 
246 1 3 |a Characterization and development of novel materials 
246 1 3 |a JCDNM 
260 |a Hauppauge, NY :  |b Nova Science Publishers 
310 |a Quarterly 
362 1 |a Began with: Vol. 1, issue 1 (2009). 
506 |a License restrictions may limit access. 
588 |a Description based on: Vol. 1, issue 1 (2009); title from title page. 
588 |a Latest issue consulted: Vol. 1, issue 3 (2009). 
650 0 |a Materials  |x Research  |v Periodicals. 
650 7 |a Materials  |x Research.  |2 fast  |0 (OCoLC)fst01011865 
655 0 |a Electronic journals. 
710 2 |a Nova Science Publishers. 
850 |a DLC 
856 4 0 |z Full text available from Research Library: 01/01/2011 to present  |u https://search.proquest.com/publication/2034849